Bilecik Bilecik Bilecik Bilecik Bilecik

Telekomünikasyon sektöründe serbestleşme süreci/ (Record no. 38173)

MARC details
000 -BAŞLIK
Sabit Uzunluktaki Kontrol Alanı 01134nam a22003737a 4500
001 - KONTROL NUMARASI
Control Dosyası 0038334
003 - KONTROL NUMARASI KİMLİĞİ
Kontrol Alanı KOHA_MİRAKIL
005 - EN SON İŞLEM TARİHİ ve ZAMANI
Kontrol Alanı 20260207003057.0
007 - FİZİKSEL TANIM SABİT ALAN - GENEL BİLGİ
Sabit uzunluklu kontrol alanı ta
008 - SABİT UZUNLUKTAKİ VERİ ÖGELERİ - GENEL BİLGİ
Sabit Alan 120903b2005 tu a|||gr||||#||||0|tur |
020 ## - ISBN - ULUSLARARASI STANDART KİTAP NUMARASI
Isbn 9758936190
040 ## - KATALOGLAMA KAYNAĞI
Özgün Kataloglama Kurumu TR-BiSEU
Kataloglama Dili tur
Çeviri Kurumu TR-BiSEU
Açıklama Kuralları rda
041 0# - DİL KODU
Metin ya da ses kaydının dil kodu tur
044 ## - YAYINLAYAN/ÜRETEN KURULUŞUN ÜLKE KODU
ISO country code tu
050 ## - SINIFLAMA ve YER NUMARASI
Sınıflama Numarası HE7631
Yer Numarası .A75 2005
100 1# - KİŞİ ADI
Yazar Adı (Kişi adı) Arıöz, Ali.
245 1# - ESER ADI BİLDİRİMİ
Başlık Telekomünikasyon sektöründe serbestleşme süreci/
Sorumluluk Bildirimi Ali Arıöz ; Ali Arıöz.
250 ## - BASIM BİLDİRİMİ
Basım Bildirimi 1. bsk.
264 #1 - ÜRERİM, YAYIN, DAĞITIM ve TELİF BİLDİRİMİ
Yayın yeri Ankara :
Yayınlayan Rekabet Kurumu
Yayın tarihi 2005
300 ## - FİZİKSEL TANIMLAMA
Sayfa, Cilt vb. v, 113 sayfa :
Diğer fiziki detaylar tbl. ;
Boyutları 23 cm.
336 ## - İÇERİK TÜRÜ
Content type term metin
Content type code txt
Source rdacontent
337 ## - MEDYA TÜRÜ
Media type term aracısız
Media type code n
Source rdamedia
338 ## - TAŞIYICI TÜRÜ
Carrier type term cilt
Carrier type code nc
Source rdacarrier
490 1# - DİZİ BİLDİRİMİ
Dizi Bildirimi Rekabet Kurumu ;
Cilt Numarası yayın no 0177.
490 1# - DİZİ BİLDİRİMİ
Dizi Bildirimi Uzmanlık tezleri serisi ;
Cilt Numarası no: 69
500 ## - GENEL NOT
Genel Not Kaynakça var.
650 #0 - KONU BAŞLIĞI EK GİRİŞ - KONU TERİMİ
Konusal terim veya coğrafi ad Telecommunication.
9 (RLIN) 12107
650 #0 - KONU BAŞLIĞI EK GİRİŞ - KONU TERİMİ
Konusal terim veya coğrafi ad Competition.
9 (RLIN) 4785
650 #0 - KONU BAŞLIĞI EK GİRİŞ - KONU TERİMİ
Konusal terim veya coğrafi ad Rekabet.
9 (RLIN) 3533
650 #0 - KONU BAŞLIĞI EK GİRİŞ - KONU TERİMİ
Konusal terim veya coğrafi ad Telekomünikasyon.
9 (RLIN) 48145
830 1# - SERİ EK GİRİŞİ - TEKBİÇİM ESER ADI
Tekbiçim Başlık Rekabet Kurumu ;
Volume number/sequential designation yayın no 0177.
9 (RLIN) 6192
830 1# - SERİ EK GİRİŞİ - TEKBİÇİM ESER ADI
Tekbiçim Başlık Uzmanlık tezleri serisi ;
Volume number/sequential designation no: 69
9 (RLIN) 6193
942 ## - EK GİRİŞ ÖGELERİ (KOHA)
Source of classification or shelving scheme Library of Congress Classification
Koha item type Book
Holdings
Materyal Türü Kalıcı Konum Mevcut Konum Raf Yeri Sınıflandırma Kaynağı Edinim Bilgisi Ana Konular Alt Konular Yer Numarası Demirbaş Numarası Fatura Tarihi Geri Çekilme Durumu Kayıp Durumu Hasarlı Durumu Kredi için değil Kayıt Tarih Toplam Ödünçverme Son Görülme Tarihi Son Kontrol Tarihi Genel / Bağış Notu
Book Prof. Dr. Azmi Özcan Kütüphanesi Prof. Dr. Azmi Özcan Kütüphanesi Uluğbey Salonu Library of Congress Classification Bağış SOSYAL BİLİMLER Ulaşım ve İletişim HE7631 .A75 2005 0038334 02/02/2026         03/09/2012   05/12/2024 05/12/2024 Genel Bağış